Les pays avec la population de chats la plus importante (2023) - Statistiques

Statistiques générales
  • Ce quiz a été pris 43 fois
  • Le résultat moyen est 17 sur 20
Statistiques - réponses
Population de chats (en millions d'individus) Pays % Correct
3,7 Espagne
100%
15,1 France
100%
17,8 Russie
100%
15,7 Allemagne
98%
53,1 Chine
98%
7,9 Italie
98%
74 Etats-Unis
95%
8,5 Canada
93%
8 Royaume-Uni
93%
12,4 Brésil
90%
7,1 Mexique
90%
7,3 Japon
88%
6,8 Pologne
88%
5 Egypte
78%
3,1 Pays-Bas
68%
3,5 Indonésie
63%
3,7 Thailande
61%
7,3 Ukraine
54%
5 Malaisie
51%
4,3 Roumanie
51%
Aucun quiz correspondant
Distribution des résultats
% des personnes avec chaque résultat
Percentile par nombre de réponses
Votre historique - résultats
Vous n’avez pas pris ce quiz